[Event "MCR zen 2023-blesk"]
[Site "?"]
[Date "2023.05.10"]
[Round "4.1"]
[White "Fizerova, Lucie"]
[Black "Novosadova, Kristyna"]
[Result "0-1"]
[BlackElo "2094"]
[WhiteElo "1679"]
[LiveChessVersion "1.4.8"]

1. e4 {[%clk 0:03:03]} c6 {[%clk 0:03:02]} 2. d4 {[%clk 0:03:02]} d5
{[%clk 0:03:03]} 3. f3 {[%clk 0:03:04]} e6 {[%clk 0:02:52]} 4. Nc3
{[%clk 0:02:58]} Be7 {[%clk 0:02:37]} 5. Be3 {[%clk 0:02:51]} Bg5
{[%clk 0:02:33]} 6. Qd2 {[%clk 0:02:49]} h6 {[%clk 0:02:28]} 7. Bxg5
{[%clk 0:02:48]} hxg5 {[%clk 0:02:17]} 8. O-O-O {[%clk 0:02:36]} b5
{[%clk 0:02:06]} 9. exd5 {[%clk 0:02:36]} exd5 {[%clk 0:02:05]} 10. Re1+
{[%clk 0:02:35]} Be6 {[%clk 0:02:04]} 11. Nh3 {[%clk 0:02:27]} Ne7
{[%clk 0:01:34]} 12. Nxg5 {[%clk 0:02:23]} Bf5 {[%clk 0:01:24]} 13. Qf4
{[%clk 0:01:59]} Bg6 {[%clk 0:01:18]} 14. Bd3 {[%clk 0:01:48]} O-O
{[%clk 0:00:59]} 15. Qh4 {[%clk 0:01:16]} Nf5 {[%clk 0:00:52]} 16. Bxf5
{[%clk 0:01:08]} Bxf5 {[%clk 0:00:52]} 17. g4 {[%clk 0:01:00]} Bg6
{[%clk 0:00:52]} 18. Rhg1 {[%clk 0:00:53]} Nd7 {[%clk 0:00:52]} 19. Rg3
{[%clk 0:00:48]} f6 {[%clk 0:00:29]} 20. Ne6 {[%clk 0:00:48]} Qa5
{[%clk 0:00:29]} 21. Rh3 {[%clk 0:00:41]} Kf7 {[%clk 0:00:21]} 22. Nxf8
{[%clk 0:00:34]} Rxf8 {[%clk 0:00:21]} 23. Qg3 {[%clk 0:00:34]} b4
{[%clk 0:00:17]} 24. Qd6 {[%clk 0:00:23]} bxc3 {[%clk 0:00:11]} 25. Qxd7+
{[%clk 0:00:17]} Kg8 {[%clk 0:00:12]} 26. Qe6+ {[%clk 0:00:12]} Bf7
{[%clk 0:00:12]} 27. Qf5 {[%clk 0:00:12]} cxb2+ {[%clk 0:00:11]} 28. Kb1
{[%clk 0:00:08]} Qxe1+ {[%clk 0:00:06]} 29. Kxb2 {[%clk 0:00:09]} Rb8+
{[%clk 0:00:07]} 30. Ka3 {[%clk 0:00:09]} Qb4# {[%clk 0:00:07]} 0-1

[Event "MCR zen 2023-blesk"]
[Site "?"]
[Date "2023.05.10"]
[Round "4.2"]
[White "Hosova, Sandra"]
[Black "Kanakova, Natalie"]
[Result "0-1"]
[BlackElo "2072"]
[WhiteElo "1738"]
[LiveChessVersion "1.4.8"]

1. d4 {[%clk 0:03:02]} Nf6 {[%clk 0:03:02]} 2. Nc3 {[%clk 0:03:01]} d5
{[%clk 0:03:02]} 3. Bg5 {[%clk 0:03:02]} Nbd7 {[%clk 0:02:58]} 4. Qd3
{[%clk 0:02:59]} h6 {[%clk 0:02:52]} 5. Bh4 {[%clk 0:02:56]} e6 {[%clk 0:02:48]}
6. e4 {[%clk 0:02:49]} dxe4 {[%clk 0:02:49]} 7. Nxe4 {[%clk 0:02:45]} Be7
{[%clk 0:02:49]} 8. Bxf6 {[%clk 0:02:33]} Nxf6 {[%clk 0:02:47]} 9. O-O-O
{[%clk 0:02:24]} c6 {[%clk 0:02:29]} 10. Be2 {[%clk 0:02:12]} Nxe4
{[%clk 0:02:15]} 11. Qxe4 {[%clk 0:02:12]} Qd5 {[%clk 0:02:16]} 12. f3
{[%clk 0:01:53]} Qxa2 {[%clk 0:02:12]} 13. c3 {[%clk 0:01:46]} a5
{[%clk 0:01:42]} 14. g4 {[%clk 0:01:37]} a4 {[%clk 0:01:37]} 15. Rd2
{[%clk 0:01:12]} a3 {[%clk 0:01:35]} 16. b3 {[%clk 0:00:55]} Qxb3
{[%clk 0:01:29]} 17. Bd1 {[%clk 0:00:41]} Qxc3+ {[%clk 0:01:21]} 18. Rc2
{[%clk 0:00:41]} a2 {[%clk 0:00:59]} 19. Rxc3 {[%clk 0:00:37]} a1=Q+
{[%clk 0:00:58]} 20. Kd2 {[%clk 0:00:37]} Bb4 {[%clk 0:00:55]} 21. Ne2
{[%clk 0:00:32]} Qb2+ {[%clk 0:00:41]} 22. Qc2 {[%clk 0:00:23]} Bxc3+
{[%clk 0:00:38]} 23. Nxc3 {[%clk 0:00:23]} Qxc2+ {[%clk 0:00:37]} 24. Bxc2
{[%clk 0:00:23]} b5 {[%clk 0:00:30]} 25. Rb1 {[%clk 0:00:18]} Bd7
{[%clk 0:00:30]} 26. Ne4 {[%clk 0:00:17]} f5 {[%clk 0:00:28]} 27. gxf5
{[%clk 0:00:10]} exf5 {[%clk 0:00:29]} 28. Nd6+ {[%clk 0:00:11]} Ke7
{[%clk 0:00:28]} 29. Nxf5+ {[%clk 0:00:12]} Bxf5 {[%clk 0:00:28]} 30. Bxf5
{[%clk 0:00:12]} Kd6 {[%clk 0:00:22]} 31. Be4 {[%clk 0:00:12]} Ra2+
{[%clk 0:00:23]} 32. Bc2 {[%clk 0:00:08]} Rf8 {[%clk 0:00:24]} 0-1

[Event "MCR zen 2023"]
[Site "?"]
[Date "2023.05.11"]
[Round "3.1"]
[White "Movsesian, Julia"]
[Black "Zelbova, Lada"]
[Result "1-0"]
[BlackElo "1869"]
[WhiteElo "2239"]
[LiveChessVersion "1.4.8"]

1. e4 {[%clk 1:30:57]} c5 {[%clk 1:30:51]} 2. Nf3 {[%clk 1:31:22]} d6
{[%clk 1:31:03]} 3. d4 {[%clk 1:31:47]} cxd4 {[%clk 1:31:20]} 4. Nxd4
{[%clk 1:31:54]} Nf6 {[%clk 1:31:31]} 5. Nc3 {[%clk 1:32:19]} a6 {[%clk 1:31:38]}
6. Bg5 {[%clk 1:32:44]} e6 {[%clk 1:30:45]} 7. f4 {[%clk 1:32:55]} Be7
{[%clk 1:29:54]} 8. Qf3 {[%clk 1:33:11]} Nbd7 {[%clk 1:27:01]} 9. O-O-O
{[%clk 1:32:58]} Qc7 {[%clk 1:25:48]} 10. g4 {[%clk 1:33:22]} b5 {[%clk 1:19:50]}
11. Bxf6 {[%clk 1:33:33]} Bxf6 {[%clk 1:19:54]} 12. Bxb5 {[%clk 1:33:09]} axb5
{[%clk 1:10:43]} 13. Ndxb5 {[%clk 1:33:23]} Qb8 {[%clk 1:07:59]} 14. Nxd6+
{[%clk 1:32:42]} Ke7 {[%clk 1:05:11]} 15. e5 {[%clk 1:31:28]} Bh4
{[%clk 1:00:42]} 16. Rd2 {[%clk 1:27:19]} Ra7 {[%clk 0:53:07]} 17. Rhd1
{[%clk 1:24:56]} Bb7 {[%clk 0:50:26]} 18. Qh3 {[%clk 1:21:30]} g5
{[%clk 0:50:12]} 19. Nf5+ {[%clk 1:19:50]} exf5 {[%clk 0:48:55]} 20. Rxd7+
{[%clk 1:20:18]} Ke8 {[%clk 0:48:57]} 21. Qd3 {[%clk 1:20:10]} gxf4
{[%clk 0:31:53]} 22. Qxf5 {[%clk 1:20:14]} Bd5 {[%clk 0:27:32]} 23. R1xd5
{[%clk 1:19:53]} 1-0

[Event "MCR zen 2023"]
[Site "?"]
[Date "2023.05.11"]
[Round "3.2"]
[White "Richterova, Natasa"]
[Black "Kanakova, Natalie"]
[Result "1-0"]
[BlackElo "2167"]
[WhiteElo "2191"]
[LiveChessVersion "1.4.8"]

1. d4 {[%clk 1:30:54]} Nf6 {[%clk 1:30:46]} 2. c4 {[%clk 1:31:17]} e6
{[%clk 1:30:49]} 3. Nc3 {[%clk 1:31:43]} Bb4 {[%clk 1:30:58]} 4. Bg5
{[%clk 1:31:38]} h6 {[%clk 1:28:06]} 5. Bxf6 {[%clk 1:31:58]} Qxf6
{[%clk 1:28:27]} 6. e3 {[%clk 1:32:03]} c5 {[%clk 1:25:03]} 7. Nf3
{[%clk 1:25:15]} O-O {[%clk 1:21:52]} 8. Rc1 {[%clk 1:25:06]} d6 {[%clk 1:19:05]}
9. Be2 {[%clk 1:23:54]} e5 {[%clk 1:14:43]} 10. dxe5 {[%clk 1:05:04]} dxe5
{[%clk 1:15:06]} 11. Nd2 {[%clk 1:05:25]} Bxc3 {[%clk 1:12:38]} 12. Rxc3
{[%clk 1:04:52]} Rd8 {[%clk 1:11:00]} 13. Bf3 {[%clk 1:04:29]} Nc6
{[%clk 1:07:38]} 14. O-O {[%clk 0:58:13]} Bf5 {[%clk 1:05:59]} 15. Bd5
{[%clk 0:51:39]} e4 {[%clk 0:47:50]} 16. f3 {[%clk 0:45:43]} exf3
{[%clk 0:38:41]} 17. Qxf3 {[%clk 0:44:27]} Be6 {[%clk 0:29:14]} 18. Qxf6
{[%clk 0:43:16]} gxf6 {[%clk 0:29:40]} 19. Ne4 {[%clk 0:39:56]} f5
{[%clk 0:27:39]} 20. Nxc5 {[%clk 0:30:48]} Bxd5 {[%clk 0:27:58]} 21. cxd5
{[%clk 0:31:11]} Rxd5 {[%clk 0:28:20]} 22. Nxb7 {[%clk 0:31:22]} Rb8
{[%clk 0:21:16]} 23. Rxc6 {[%clk 0:30:28]} Rxb7 {[%clk 0:21:42]} 24. Rc2
{[%clk 0:30:14]} Kg7 {[%clk 0:18:58]} 25. b3 {[%clk 0:27:01]} Rbd7
{[%clk 0:16:18]} 26. Re1 {[%clk 0:23:19]} Kg6 {[%clk 0:13:16]} 27. Kf2
{[%clk 0:20:53]} Kg5 {[%clk 0:12:53]} 28. Kf3 {[%clk 0:20:21]} Rd3
{[%clk 0:11:32]} 29. Rc5 {[%clk 0:15:03]} h5 {[%clk 0:10:35]} 30. Re2
{[%clk 0:14:52]} R7d4 {[%clk 0:08:05]} 31. Kf2 {[%clk 0:13:57]} Rd5
{[%clk 0:07:10]} 32. Rxd5 {[%clk 0:14:12]} Rxd5 {[%clk 0:07:36]} 33. Kf3
{[%clk 0:13:01]} h4 {[%clk 0:06:55]} 34. Rc2 {[%clk 0:13:05]} a5 {[%clk 0:05:57]}
35. Ke2 {[%clk 0:11:40]} f4 {[%clk 0:05:32]} 36. e4 {[%clk 0:09:25]} Re5
{[%clk 0:05:48]} 37. Kf3 {[%clk 0:08:44]} f5 {[%clk 0:02:11]} 38. Rc4
{[%clk 0:08:40]} Rb5 {[%clk 0:01:18]} 39. exf5 {[%clk 0:08:34]} Rxf5
{[%clk 0:01:41]} 40. h3 {[%clk 0:04:59]} Rd5 {[%clk 0:01:13]} 41. Rxf4
{[%clk 0:21:31]} Rd3+ {[%clk 0:31:02]} 42. Ke4 {[%clk 0:18:22]} Rd2
{[%clk 0:28:21]} 43. Rf5+ {[%clk 0:11:45]} Kg6 {[%clk 0:28:45]} 44. Rxa5
{[%clk 0:12:06]} Rxg2 {[%clk 0:29:10]} 45. Ra6+ {[%clk 0:06:51]} Kg5
{[%clk 0:28:48]} 46. Ra5+ {[%clk 0:07:12]} Kg6 {[%clk 0:29:07]} 47. b4
{[%clk 0:07:30]} Rg3 {[%clk 0:29:16]} 48. b5 {[%clk 0:07:16]} Rxh3
{[%clk 0:29:42]} 49. b6 {[%clk 0:07:41]} Rh1 {[%clk 0:29:50]} 50. Rb5
{[%clk 0:07:57]} h3 {[%clk 0:29:17]} 51. b7 {[%clk 0:03:30]} Re1+
{[%clk 0:29:34]} 52. Kd3 {[%clk 0:03:51]} h2 {[%clk 0:29:09]} 53. b8=Q
{[%clk 0:04:07]} h1=Q {[%clk 0:29:05]} 54. Qd6+ {[%clk 0:03:45]} Kh7
{[%clk 0:28:06]} 55. Qd7+ {[%clk 0:03:35]} Kg6 {[%clk 0:27:07]} 56. Rb6+
{[%clk 0:02:59]} Kg5 {[%clk 0:26:15]} 57. Qg7+ {[%clk 0:03:11]} Kf5
{[%clk 0:26:36]} 58. Rf6+ {[%clk 0:03:09]} Ke5 {[%clk 0:27:03]} 59. Qg5# 1-0

[Event "MCR zen 2023"]
[Site "?"]
[Date "2023.05.11"]
[Round "3.4"]
[White "Pilsova, Karolina"]
[Black "Voriskova, Anna"]
[Result "1/2-1/2"]
[BlackElo "1949"]
[WhiteElo "2260"]
[LiveChessVersion "1.4.8"]

1. e4 {[%clk 1:30:57]} c5 {[%clk 1:30:51]} 2. Nf3 {[%clk 1:31:22]} d6
{[%clk 1:31:07]} 3. d4 {[%clk 1:31:05]} cxd4 {[%clk 1:31:21]} 4. Nxd4
{[%clk 1:31:28]} Nf6 {[%clk 1:31:43]} 5. Nc3 {[%clk 1:31:52]} e6 {[%clk 1:31:52]}
6. g3 {[%clk 1:28:23]} Be7 {[%clk 1:28:57]} 7. Bg2 {[%clk 1:28:41]} O-O
{[%clk 1:28:09]} 8. O-O {[%clk 1:28:19]} a6 {[%clk 1:23:11]} 9. Be3
{[%clk 1:24:56]} Qc7 {[%clk 1:19:10]} 10. f4 {[%clk 1:13:13]} Nc6
{[%clk 1:14:34]} 11. Kh1 {[%clk 0:52:08]} Bd7 {[%clk 1:09:36]} 12. Nb3
{[%clk 0:45:33]} b5 {[%clk 0:57:10]} 13. a3 {[%clk 0:41:22]} Rad8
{[%clk 0:39:32]} 14. Qf3 {[%clk 0:36:49]} b4 {[%clk 0:30:50]} 15. axb4
{[%clk 0:27:52]} Nxb4 {[%clk 0:30:47]} 16. Rf2 {[%clk 0:26:23]} Bc6
{[%clk 0:28:11]} 17. Qe2 {[%clk 0:16:35]} e5 {[%clk 0:18:28]} 18. fxe5
{[%clk 0:04:20]} dxe5 {[%clk 0:18:56]} 19. Bg5 {[%clk 0:04:42]} Qc8
{[%clk 0:10:05]} 20. Raf1 {[%clk 0:02:47]} Qe6 {[%clk 0:03:28]} 21. Rf5
{[%clk 0:00:49]} Nd7 {[%clk 0:02:41]} 22. Be3 {[%clk 0:00:42]} g6
{[%clk 0:01:32]} 23. R5f2 {[%clk 0:01:00]} f5 {[%clk 0:01:27]} 24. Bh6
{[%clk 0:00:39]} Rf7 {[%clk 0:01:28]} 25. Be3 {[%clk 0:00:37]} Rdf8
{[%clk 0:01:14]} 26. Na5 {[%clk 0:00:43]} Ba8 {[%clk 0:01:21]} 27. Qc4
{[%clk 0:00:41]} Qxc4 {[%clk 0:00:57]} 28. Nxc4 {[%clk 0:01:10]} fxe4
{[%clk 0:01:01]} 29. Rxf7 {[%clk 0:00:45]} Rxf7 {[%clk 0:01:30]} 30. Na3
{[%clk 0:00:34]} Nd5 {[%clk 0:01:10]} 31. Nxd5 {[%clk 0:00:35]} Bxd5
{[%clk 0:01:38]} 32. Rd1 {[%clk 0:00:34]} Nf6 {[%clk 0:01:30]} 33. Bh3
{[%clk 0:00:32]} Kg7 {[%clk 0:01:05]} 1/2-1/2

[Event "MCR zen 2023"]
[Site "?"]
[Date "2023.05.12"]
[Round "4.1"]
[White "Zelbova, Lada"]
[Black "Movsesian, Julia"]
[Result "0-1"]
[BlackElo "2239"]
[WhiteElo "1869"]
[LiveChessVersion "1.4.8"]

1. Nf3 {[%clk 1:30:56]} Nf6 {[%clk 1:30:38]} 2. g3 {[%clk 1:29:40]} d5
{[%clk 1:29:43]} 3. c4 {[%clk 1:29:31]} d4 {[%clk 1:25:55]} 4. d3
{[%clk 1:26:31]} Nc6 {[%clk 1:18:02]} 5. e3 {[%clk 1:21:30]} e5 {[%clk 1:17:57]}
6. exd4 {[%clk 1:19:57]} Nxd4 {[%clk 1:15:33]} 7. Bg2 {[%clk 1:18:21]} Bb4+
{[%clk 1:08:48]} 8. Nc3 {[%clk 1:12:20]} O-O {[%clk 1:07:27]} 9. O-O
{[%clk 1:10:53]} Bg4 {[%clk 1:07:28]} 10. Re1 {[%clk 1:06:15]} Re8
{[%clk 0:59:08]} 11. a3 {[%clk 1:01:33]} e4 {[%clk 0:53:21]} 12. dxe4
{[%clk 0:54:22]} Bxc3 {[%clk 0:52:28]} 13. bxc3 {[%clk 0:52:30]} Nxf3+
{[%clk 0:52:53]} 14. Bxf3 {[%clk 0:52:29]} Qxd1 {[%clk 0:53:17]} 15. Bxd1
{[%clk 0:52:49]} Bxd1 {[%clk 0:53:42]} 16. Rxd1 {[%clk 0:53:09]} Nxe4
{[%clk 0:54:10]} 17. Bb2 {[%clk 0:51:08]} Rad8 {[%clk 0:53:04]} 18. Rxd8
{[%clk 0:41:16]} Rxd8 {[%clk 0:53:33]} 19. Re1 {[%clk 0:39:37]} Nd2
{[%clk 0:53:25]} 20. Re7 {[%clk 0:38:23]} Nxc4 {[%clk 0:53:08]} 21. Bc1
{[%clk 0:37:59]} Nb6 {[%clk 0:53:29]} 22. Re4 {[%clk 0:34:14]} Rd1+
{[%clk 0:50:24]} 23. Kg2 {[%clk 0:33:53]} f5 {[%clk 0:50:45]} 0-1

[Event "MCR zen 2023"]
[Site "?"]
[Date "2023.05.12"]
[Round "4.2"]
[White "Kanakova, Natalie"]
[Black "Richterova, Natasa"]
[Result "0-1"]
[BlackElo "2191"]
[WhiteElo "2167"]
[LiveChessVersion "1.4.8"]

1. e4 {[%clk 1:30:57]} e5 {[%clk 1:30:55]} 2. Nf3 {[%clk 1:31:22]} Nf6
{[%clk 1:31:21]} 3. d4 {[%clk 1:31:19]} Nxe4 {[%clk 1:31:40]} 4. Bd3
{[%clk 1:31:32]} d5 {[%clk 1:31:46]} 5. Nxe5 {[%clk 1:31:53]} Be7
{[%clk 1:30:06]} 6. O-O {[%clk 1:27:27]} O-O {[%clk 1:23:30]} 7. c4
{[%clk 1:24:35]} Nf6 {[%clk 1:14:59]} 8. cxd5 {[%clk 1:22:24]} Nxd5
{[%clk 1:13:56]} 9. Nc3 {[%clk 1:22:25]} Nxc3 {[%clk 1:13:20]} 10. bxc3
{[%clk 1:22:48]} Nd7 {[%clk 1:13:27]} 11. f4 {[%clk 1:18:49]} c5 {[%clk 0:59:37]}
12. d5 {[%clk 1:14:28]} Bf6 {[%clk 0:54:05]} 13. Re1 {[%clk 0:55:19]} g6
{[%clk 0:46:10]} 14. c4 {[%clk 0:53:39]} Re8 {[%clk 0:43:12]} 15. Bb2
{[%clk 0:52:49]} Nb6 {[%clk 0:34:11]} 16. f5 {[%clk 0:41:28]} Nd7
{[%clk 0:17:46]} 17. fxg6 {[%clk 0:30:26]} hxg6 {[%clk 0:15:21]} 18. Qc2
{[%clk 0:12:15]} Nxe5 {[%clk 0:14:26]} 19. Bxe5 {[%clk 0:10:03]} Bxe5
{[%clk 0:13:33]} 20. Bxg6 {[%clk 0:10:04]} Qf6 {[%clk 0:07:03]} 21. Bh7+
{[%clk 0:07:11]} Kh8 {[%clk 0:06:22]} 22. Bd3 {[%clk 0:06:19]} Bxh2+
{[%clk 0:03:43]} 23. Kh1 {[%clk 0:06:24]} Be5 {[%clk 0:03:57]} 24. Rab1
{[%clk 0:05:55]} Qh4+ {[%clk 0:04:18]} 25. Kg1 {[%clk 0:06:16]} Bd4+
{[%clk 0:04:34]} 0-1

[Event "MCR zen 2023"]
[Site "?"]
[Date "2023.05.12"]
[Round "4.4"]
[White "Voriskova, Anna"]
[Black "Pilsova, Karolina"]
[Result "0-1"]
[BlackElo "2260"]
[WhiteElo "1949"]
[LiveChessVersion "1.4.8"]

1. d4 {[%clk 1:30:57]} d5 {[%clk 1:30:54]} 2. c4 {[%clk 1:31:18]} c6
{[%clk 1:31:19]} 3. Nf3 {[%clk 1:31:37]} Nf6 {[%clk 1:31:42]} 4. e3
{[%clk 1:31:59]} Bf5 {[%clk 1:31:23]} 5. cxd5 {[%clk 1:31:53]} cxd5
{[%clk 1:29:18]} 6. Qb3 {[%clk 1:31:13]} Bc8 {[%clk 1:11:09]} 7. Bb5+
{[%clk 1:20:23]} Nc6 {[%clk 1:10:48]} 8. Bd2 {[%clk 1:10:18]} e6 {[%clk 1:08:47]}
9. Bb4 {[%clk 1:00:37]} Bxb4+ {[%clk 1:02:45]} 10. Qxb4 {[%clk 1:00:58]} Bd7
{[%clk 1:02:37]} 11. Bxc6 {[%clk 0:59:36]} Bxc6 {[%clk 1:02:33]} 12. Ne5
{[%clk 0:57:52]} Rc8 {[%clk 0:58:45]} 13. Nxc6 {[%clk 0:52:11]} Rxc6
{[%clk 0:56:43]} 14. Nc3 {[%clk 0:51:06]} Qe7 {[%clk 0:52:00]} 15. Qxe7+
{[%clk 0:48:18]} Kxe7 {[%clk 0:52:28]} 16. Kd2 {[%clk 0:47:56]} Rhc8
{[%clk 0:50:25]} 17. Rac1 {[%clk 0:46:54]} b5 {[%clk 0:42:00]} 18. f3
{[%clk 0:45:54]} b4 {[%clk 0:28:29]} 19. Ne2 {[%clk 0:41:43]} Ne8
{[%clk 0:21:55]} 20. Kd3 {[%clk 0:25:47]} Nd6 {[%clk 0:20:26]} 21. e4
{[%clk 0:19:57]} dxe4+ {[%clk 0:08:26]} 22. fxe4 {[%clk 0:20:19]} f5
{[%clk 0:08:42]} 23. exf5 {[%clk 0:18:28]} Nxf5 {[%clk 0:07:24]} 24. Rxc6
{[%clk 0:14:31]} Rxc6 {[%clk 0:07:52]} 25. Re1 {[%clk 0:13:59]} Kd7
{[%clk 0:05:16]} 26. Rf1 {[%clk 0:06:35]} Ra6 {[%clk 0:02:10]} 27. Nc1
{[%clk 0:05:47]} h5 {[%clk 0:02:07]} 28. Rf3 {[%clk 0:03:59]} Kd6
{[%clk 0:01:19]} 29. Ke4 {[%clk 0:02:35]} Rc6 {[%clk 0:01:00]} 30. Nb3
{[%clk 0:01:00]} Rc2 {[%clk 0:01:00]} 31. d5 {[%clk 0:01:13]} Re2+
{[%clk 0:00:39]} 32. Kd3 {[%clk 0:01:27]} Rxb2 {[%clk 0:00:42]} 33. dxe6
{[%clk 0:01:31]} Kxe6 {[%clk 0:00:41]} 34. Nc5+ {[%clk 0:01:03]} Kf6
{[%clk 0:00:36]} 35. Nd7+ {[%clk 0:00:59]} Kg5 {[%clk 0:00:47]} 36. Kc4
{[%clk 0:00:41]} Rxg2 {[%clk 0:00:40]} 37. Nf8 {[%clk 0:00:38]} Kg4
{[%clk 0:00:37]} 38. Rb3 {[%clk 0:00:45]} Rxh2 {[%clk 0:00:38]} 39. Rxb4
{[%clk 0:00:55]} h4 {[%clk 0:00:42]} 40. Kd3+ {[%clk 0:01:10]} Kg3
{[%clk 0:00:38]} 41. Ke4 {[%clk 0:01:17]} Rf2 {[%clk 0:25:53]} 42. Ng6
{[%clk 0:30:05]} Nd6+ {[%clk 0:13:52]} 43. Ke3 {[%clk 0:16:04]} h3
{[%clk 0:08:30]} 44. Ne5 {[%clk 0:11:13]} Nf5+ {[%clk 0:08:40]} 45. Kd3
{[%clk 0:11:12]} h2 {[%clk 0:07:25]} 46. Rb1 {[%clk 0:10:40]} Kf4
{[%clk 0:03:27]} 47. Nc4 {[%clk 0:08:08]} Ng3 {[%clk 0:03:09]} 0-1

[Event "MCR zen 2023-rapid"]
[Site "?"]
[Date "2023.05.11"]
[Round "5.1"]
[White "Sikorova, Olga"]
[Black "Novosadova, Kristyna"]
[Result "1-0"]
[BlackElo "2094"]
[WhiteElo "2146"]
[LiveChessVersion "1.4.8"]

1. c4 {[%clk 0:15:09]} Nf6 {[%clk 0:15:01]} 2. g3 {[%clk 0:15:09]} c6
{[%clk 0:15:01]} 3. Bg2 {[%clk 0:15:03]} d5 {[%clk 0:15:02]} 4. Nf3
{[%clk 0:15:02]} Bf5 {[%clk 0:14:29]} 5. b3 {[%clk 0:14:36]} h6 {[%clk 0:14:28]}
6. Bb2 {[%clk 0:14:37]} e6 {[%clk 0:14:31]} 7. O-O {[%clk 0:14:35]} Nbd7
{[%clk 0:14:34]} 8. d3 {[%clk 0:14:38]} Be7 {[%clk 0:14:23]} 9. Nbd2
{[%clk 0:14:31]} O-O {[%clk 0:14:24]} 10. a3 {[%clk 0:14:29]} Bh7
{[%clk 0:14:27]} 11. Ra2 {[%clk 0:14:14]} Re8 {[%clk 0:14:31]} 12. Qa1
{[%clk 0:14:18]} Bf8 {[%clk 0:14:30]} 13. b4 {[%clk 0:13:48]} Nh5
{[%clk 0:14:08]} 14. Nb3 {[%clk 0:12:19]} g5 {[%clk 0:13:41]} 15. Nfd2
{[%clk 0:12:03]} Bg7 {[%clk 0:13:30]} 16. Bxg7 {[%clk 0:11:55]} Nxg7
{[%clk 0:13:33]} 17. e4 {[%clk 0:11:53]} dxc4 {[%clk 0:12:48]} 18. dxc4
{[%clk 0:11:50]} c5 {[%clk 0:11:46]} 19. Nxc5 {[%clk 0:11:31]} Nxc5
{[%clk 0:11:43]} 20. bxc5 {[%clk 0:11:35]} e5 {[%clk 0:11:42]} 21. Nb3
{[%clk 0:11:09]} Qc7 {[%clk 0:11:36]} 22. Rd2 {[%clk 0:11:05]} Ne6
{[%clk 0:09:32]} 23. Rd5 {[%clk 0:11:05]} f6 {[%clk 0:09:35]} 24. Rfd1
{[%clk 0:10:55]} Re7 {[%clk 0:09:28]} 25. Qc3 {[%clk 0:10:40]} a5
{[%clk 0:07:49]} 26. a4 {[%clk 0:10:20]} h5 {[%clk 0:07:20]} 27. Qf3
{[%clk 0:09:55]} Kg7 {[%clk 0:06:43]} 28. Qxh5 {[%clk 0:09:41]} b6
{[%clk 0:06:29]} 29. Bh3 {[%clk 0:08:04]} Nxc5 {[%clk 0:04:52]} 30. Nxc5
{[%clk 0:07:59]} bxc5 {[%clk 0:02:11]} 31. Rd7 {[%clk 0:07:58]} Bxe4
{[%clk 0:01:50]} 32. Rxc7 {[%clk 0:07:40]} Rxc7 {[%clk 0:01:54]} 33. Bg2
{[%clk 0:07:29]} Bxg2 {[%clk 0:01:48]} 34. Kxg2 {[%clk 0:07:33]} Raa7
{[%clk 0:01:39]} 35. Rd8 {[%clk 0:06:53]} e4 {[%clk 0:01:11]} 36. Rh8
{[%clk 0:06:28]} f5 {[%clk 0:01:12]} 37. Qh6+ {[%clk 0:06:18]} 1-0

[Event "MCR zen 2023-rapid"]
[Site "?"]
[Date "2023.05.12"]
[Round "6.1"]
[White "Novosadova, Kristyna"]
[Black "Sikorova, Olga"]
[Result "1-0"]
[BlackElo "2146"]
[WhiteElo "2094"]
[LiveChessVersion "1.4.8"]

1. e4 {[%clk 0:15:09]} e6 {[%clk 0:15:09]} 2. d4 {[%clk 0:15:12]} d5
{[%clk 0:15:13]} 3. Nc3 {[%clk 0:15:16]} Bb4 {[%clk 0:15:15]} 4. e5
{[%clk 0:15:20]} c5 {[%clk 0:15:20]} 5. a3 {[%clk 0:15:24]} Bxc3+
{[%clk 0:15:23]} 6. bxc3 {[%clk 0:15:28]} Qa5 {[%clk 0:15:27]} 7. Bd2
{[%clk 0:15:32]} Qa4 {[%clk 0:15:32]} 8. Qg4 {[%clk 0:15:35]} g6 {[%clk 0:15:34]}
9. h4 {[%clk 0:15:38]} h6 {[%clk 0:15:38]} 10. h5 {[%clk 0:15:37]} g5
{[%clk 0:15:24]} 11. f4 {[%clk 0:15:39]} Qxc2 {[%clk 0:14:58]} 12. fxg5
{[%clk 0:14:27]} cxd4 {[%clk 0:12:28]} 13. cxd4 {[%clk 0:12:22]} Nc6
{[%clk 0:10:01]} 14. gxh6 {[%clk 0:10:17]} Qe4+ {[%clk 0:08:28]} 15. Qxe4
{[%clk 0:10:19]} dxe4 {[%clk 0:08:32]} 16. Ne2 {[%clk 0:08:45]} Bd7
{[%clk 0:08:15]} 17. Rh4 {[%clk 0:08:36]} Nxh6 {[%clk 0:08:08]} 18. Rxe4
{[%clk 0:08:07]} Ne7 {[%clk 0:06:55]} 19. Nc3 {[%clk 0:08:05]} Bc6
{[%clk 0:06:32]} 20. Bb5 {[%clk 0:07:25]} O-O-O {[%clk 0:06:22]} 21. Bxc6
{[%clk 0:07:09]} Nxc6 {[%clk 0:06:26]} 22. Nb5 {[%clk 0:07:01]} Nf5
{[%clk 0:05:50]} 23. g4 {[%clk 0:05:56]} Nfxd4 {[%clk 0:05:07]} 24. Nxd4
{[%clk 0:05:58]} Rxd4 {[%clk 0:04:37]} 25. Rxd4 {[%clk 0:05:43]} Nxd4
{[%clk 0:04:41]} 26. Kf2 {[%clk 0:05:16]} Nc6 {[%clk 0:03:46]} 27. Bf4
{[%clk 0:05:07]} b5 {[%clk 0:02:44]} 28. Kg3 {[%clk 0:05:03]} Kc7
{[%clk 0:02:09]} 29. Bg5 {[%clk 0:04:57]} a5 {[%clk 0:01:33]} 30. Bf6
{[%clk 0:04:45]} Rh7 {[%clk 0:01:37]} 31. Kh4 {[%clk 0:04:04]} Kb6
{[%clk 0:01:19]} 32. g5 {[%clk 0:04:05]} Nd4 {[%clk 0:01:15]} 33. Kg4
{[%clk 0:04:02]} Nf5 {[%clk 0:01:15]} 34. g6 {[%clk 0:03:32]} fxg6
{[%clk 0:01:18]} 35. hxg6 {[%clk 0:03:35]} Rd7 {[%clk 0:01:21]} 36. Kg5
{[%clk 0:03:06]} b4 {[%clk 0:01:12]} 37. axb4 axb4 {[%clk 0:01:16]} 38. Rf1
{[%clk 0:02:43]} Ng7 {[%clk 0:00:20]} 39. Bxg7 {[%clk 0:02:41]} Rxg7
{[%clk 0:00:24]} 40. Kf6 {[%clk 0:02:36]} Rg8 {[%clk 0:00:26]} 41. Kf7
{[%clk 0:02:26]} Rb8 {[%clk 0:00:25]} 42. g7 {[%clk 0:01:58]} Kc5
{[%clk 0:00:27]} 43. g8=Q {[%clk 0:01:41]} Rxg8 {[%clk 0:00:30]} 44. Kxg8
{[%clk 0:01:45]} Kd5 {[%clk 0:00:35]} 45. Re1 {[%clk 0:01:49]} 1-0